000 00842nam a22002657a 4500
001 BR7701577
003 BR-BrBNA
005 20230928085223.0
007 ta
008 230509b bl.||||| |||| 00| 0 por d
040 _aBR-BrBNA
_bpor
_cBiblioteca Nacional de Agricultura
041 _a(Por)
072 _aP12
090 _ P12 BR7701577
100 1 _aSampaio, F.M.A.S.
110 1 _aUniversidade Federal da Paraiba, Campina Grande (Brasil). Centro de Ciencias e Tecnologia. Depto. de Engenharia Civil
_0Tese (Mestrado)
_910754
245 1 _aDistribuicao da agua em solos irrigados por gotejamento
260 3 _aCampina Grande, PB (Brasil):
_c1976.
300 _a45 p.
500 _aSummaries (Eng, Por); 15 ref.
650 _aIrrigacao por gotejamento
650 _aSolo
909 _a202309
_bLucia
_c55
_dLucia Elande
942 _cBK
999 _c23349
_d23349